Commedie scelte / (Record no. 154376)

MARC details
000 -LEADER
campo de control de longitud fija 00630nam a22001935i 4500
001 - NÚMERO DE CONTROL
campo de control 154376
003 - IDENTIFICADOR DE NÚMERO DE CONTROL
campo de control ES-MaACL
005 - FECHA Y HORA DE LA ÚLTIMA TRANSACCIÓN
campo de control 20230906205711.0
008 - DATOS DE LONGITUD FIJA--INFORMACIÓN GENERAL
campo de control de longitud fija 040707m18771879it |||| | ita d
040 ## - FUENTE DE CATALOGACIÓN
Centro catalogador/agencia de origen CAM
Lengua de catalogación spa
Centro/agencia transcriptor CAM
080 ## - NÚMERO DE LA CLASIFICACIÓN DECIMAL UNIVERSAL
Número de la Clasificación Decimal Universal 821.131.1-22"17"
100 1# - ENTRADA PRINCIPAL--NOMBRE DE PERSONA
Nombre de persona Goldoni, Carlo (
Fechas asociadas al nombre 1707-1793)
9 (RLIN) 57673
245 10 - MENCIÓN DEL TÍTULO
Título Commedie scelte /
Mención de responsabilidad, etc. di Carlo Goldoni.
250 ## - MENCION DE EDICION
Mención de edición 2ª ed. stereotipa.
260 ## - PUBLICACIÓN, DISTRIBUCIÓN, ETC.
Lugar de publicación, distribución, etc. Milano :
Nombre del editor, distribuidor, etc. Edoardo Sonzogno, editore,
Fecha de publicación, distribución, etc. 1877-1879.
300 ## - DESCRIPCIÓN FÍSICA
Extensión 5 v. ;
Dimensiones 18 cm.
595 ## -
-- En la mención de ed. sólo consta 2ª en el t. primero.
852 ## - LOCALIZACIÓN
Ubicación ES-MaACL
Número de control de estantería G-10409-12
Nota libre -- Enc. hol.
condición física -- Falta el t. II
Holdings
Estatus retirado Estado de pérdida Estado de daño No para préstamo Colección Biblioteca de origen Biblioteca actual Ubicación en estantería Fecha de adquisición Total de préstamos Signatura topográfica completa Código de barras Visto por última vez Precio de reemplazo Tipo de ítem Koha
        Libros del s. XIX Biblioteca del Ateneo de Madrid Biblioteca del Ateneo de Madrid Sala Pecera Planta 3 17/01/2008   G-10409-12 1161437 23/02/2023 23/02/2023 Libro impreso antiguo